书目信息 |
| 题名: |
大学英语四级考试全方位训练丛书
|
|
| 作者: | 王宗宽 本册主编 | |
| 分册: | 阅读分册 | |
| 出版信息: | 北京 国防工业出版社 2009.01 |
|
| 页数: | 208页 | |
| 开本: | 26cm | |
| 丛书名: | ||
| 单 册: | ||
| 中图分类: | H310.42 | |
| 科图分类: | ||
| 主题词: | 英语--ying yu--阅读教学--高等学校--水平考试--自学参考资料 | |
| 电子资源: | ||
| ISBN: | 978-7-118-05983-0 | |
| 000 | 01048nam0 2200241 450 | |
| 001 | 012009925797 | |
| 005 | 20091128160658.01 | |
| 010 | @a978-7-118-05983-0@dCNY24.00 | |
| 100 | @a20091128d2009 em y0chiy0120 ea | |
| 101 | 0 | @achi@aeng |
| 102 | @aCN@b110000 | |
| 105 | @ay z 000yy | |
| 106 | @ar | |
| 200 | 1 | @a大学英语四级考试全方位训练丛书@Ada xue ying yu si ji kao shi quan fang wei xun lian cong shu@i阅读分册@f本册主编王宗宽@Fben ce zhu bian wang zong kuan |
| 210 | @a北京@c国防工业出版社@d2009.01 | |
| 215 | @a208页@d26cm | |
| 330 | @a本书系统地讲解了大学英语四级考试中阅读部分各类题型的出题特点、命题规律,同时通过大量练习,使考生有了又好又快突破四级阅读难关的制胜之道。全书共4章,分别为传统阅读、选词填空、快速阅读、答案及解析。前3章均包括题型介绍、答题技巧和实战演练三部分内容。 | |
| 517 | 1 | @a阅读分册@Ayue du fen ce |
| 606 | 0 | @a英语@Aying yu@x阅读教学@x高等学校@x水平考试@j自学参考资料 |
| 690 | @aH310.42@v4 | |
| 701 | 0 | @a王宗宽@Awang zong kuan@4本册主编 |
| 801 | 0 | @aCN@bQSSK@c20091128 |
| 905 | @b767359-63@dH310.42@eW483@f5 | |
| 大学英语四级考试全方位训练丛书.阅读分册/本册主编王宗宽.-北京:国防工业出版社,2009.01 |
| 208页;26cm |
| ISBN 978-7-118-05983-0:CNY24.00 |
| 本书系统地讲解了大学英语四级考试中阅读部分各类题型的出题特点、命题规律,同时通过大量练习,使考生有了又好又快突破四级阅读难关的制胜之道。全书共4章,分别为传统阅读、选词填空、快速阅读、答案及解析。前3章均包括题型介绍、答题技巧和实战演练三部分内容。 |
| ● |
| 相关链接 |
|
|
|
正题名:大学英语四级考试全方位训练丛书
索取号:H310.42/W483
 
预约/预借
| 序号 | 登录号 | 条形码 | 馆藏地/架位号 | 状态 | 备注 |
| 1 | 767359 | 207673597 | 语言库209/209语言库 98排1列1层/ [索取号:H310.42/W483] | 在馆 | |
| 2 | 767360 | 207673604 | 语言库209/209语言库 98排1列1层/ [索取号:H310.42/W483] | 在馆 | |
| 3 | 767361 | 207673613 | 语言库209/209语言库 98排1列1层/ [索取号:H310.42/W483] | 在馆 | |
| 4 | 767362 | 207673622 | 语言库209/209语言库 98排1列1层/ [索取号:H310.42/W483] | 在馆 | |
| 5 | 767363 | 207673631 | 语言库209/209语言库 98排1列1层/ [索取号:H310.42/W483] | 在馆 |